000
00286nam a2200121Ia 4500
008
190216s9999||||xx |||||||||||||| ||und||
100
_a
Diane Koers
245
0
_a
Windows 98
250
_a
first
260
_b
Galgotia Publication Pvt Ltf
_c
1998
650
_a
Computer Science
942
_c
BK
999
_c
8609
_d
8609